000 00908nam a22002897a 4500
001 8633
003 FISKH
005 20251009162023.0
008 251007b cb ||||| |||| 00| 0 eng d
020 _a0307630153
040 _aFISKH
_beng
_cFISKH
_dFISKH
050 _aPZ7.G868 T
082 _a813.54
100 _aGoodman, Joan E.
_eAuthor
245 _aTime for bed /
_cStory and pictures by Joan Elizabeth Goodman
260 _aWisconsin :
_bWestern ,
_c1989
300 _a23 unnumbered pages :
_bcolor illustrations ;
_c21 cm
505 _aG
520 _aAs darkness falls parents get their children ready for sleep.
521 8 _a400
_bLexile estimate
521 8 _aG
_bRaz-Plus
650 _aA young kitten who can't get to sleep
_vAftercare
650 _aChildren's books
_vChildren's fiction
700 _aGoodman, Joan E.
_eIllustrator
942 _2ddc
_cBK
_n0
999 _c8633
_d8633